000 00627nam a2200193Ia 4500
005 20250508165813.0
008 008 250505s9999 xx 000 0 hin d
037 _aTheses
040 _aFEDL
_beng
_cFEDL
041 _ahin
_2eng
084 _a370.154 4, BAJ/TH
_qFEDL
100 _aBajaj Abhilasha
_9779224
245 0 _aVdiyarthee anubhav jagat, nirdharit patthyepustakin aur shikshan adhigam prakriya: Ek antarsambandhatmak adhyayan
260 _c2016
300 _a323p.
546 _aPh. D. Thesis, (Delhi University); C D Included
942 _cTH
_h370.154 4, BAJ/TH
999 _c1397552
_d1397552